000 00536nam a2200217Ia 4500
003 OSt
005 20220928140822.0
006 a|||||r|||| 00| 0
007 ta
008 220927b |||||||| |||| 00| 0 eng d
024 _a12079
037 _cTextual
040 _aSDCL
_cSDCL
_beng
041 _2eng
_aeng
082 _aD6,8(B289J2EE), P2
100 _aCouch Justin
_9497830
245 0 _aJ 2EE bible.
260 _c2002
942 _hD6,8(B289J2EE), P2
_cTEXL
_2CC
999 _c814488
_d814488